Responses for Show #460 - Friday, September 12, 1986

Roger Storm game 1.

Contestants

[<< previous game]

Roger Storm, a teacher from Fairview Park, Ohio

Wade Ballard, an attorney from Greenville, South Carolina

Fern Cogar, a registered nurse from Pasadena, California (whose 2-day cash winnings total $20,700)

[next game &gt;&gt;]

Jeopardy! Round responses

AMERICAN INDIANS
HOUSING
THE SOUTH IN SONG
GOLF
STONES
STARTS WITH "Q"
    $100 13
Seminoles

Roger
    $100 26
split-level

Wade
    $100 1
Old Virginny

Fern
    $100 8
the speed of a golf ball

Roger
    $100 3
quartz

Roger
    $100 17
quarter

Wade
    $200 14
wampum

Roger
    $200 27
slum

Fern
    $200 2
Georgia

Roger
    $200 9
a bar

Fern
    $200 4
the Stone Age

Roger
    $200 18
quintuplets

Roger
    $300 15
Navajo

Roger
    $300 28
single family

Wade
    $300 10
New Orleans

Wade
    $300 23
Jack Nicklaus

Roger
    $300 5
kidney stones

Wade
    $300 19
quarry

Wade
    $400 16
the Bible

Fern
    $400 29
Fannie Mae

Roger
    $400 11
Alabama and Louisiana

Wade
    $400 24
signed his scorecard

Wade
    $400 6
14 pounds

Roger
    $400 20
quasar

Roger
    $500 22
Powhatan

Roger
    $500 30
Lyndon Johnson

Roger
    $500 12
"Houston"

Triple Stumper
    $500 25
(Alex: With a minute to go in the round.)

Gary Player

Fern
    $500 7
(Fern: Who are the Furies?)
(Wade: Who are the Medusi?)

the Gorgons

FernWade
Triple Stumper
    $500 21
quorum

Roger

Scores at the first commercial break (after clue 12):

Fern Wade Roger
-$200 $500 $1,000

Scores at the end of the Jeopardy! Round:

Fern Wade Roger
$900 $1,700 $4,400

Double Jeopardy! Round responses

WORD ORIGINS
LANDMARKS
WORLD WAR II
BALLET
BANKRUPTCIES
"DR." MOVIES
    $200 12
mocha

Fern
    $200 15
Jerusalem

Roger
    $200 2
the Axis

Wade
    $200 8
(Fern: What is balance?)

dance

FernRoger
    $200 24
(Roger: What is [*]... 13?)
(Alex: You didn't phrase it in the form of a question. [Looks at judges] Did he? Okay, you get credit for the response.)

Chapter 11

Roger
    $200 1
Dr. No

Roger
    $400 20
Machiavelli

Wade
    $400 16
Cathedral of Notre Dame

Roger
    $400 3
their declaring war on us

Fern
    $400 13
eggs

Triple Stumper
    $400 25
asbestos

Roger
    $400 4
Doctor Detroit

Fern
    $600 21
(Alex: And we have a minute to go in the round.)

Pyrrhic victory

Fern
    $600 17
the Library

Wade
    $600 9
Manchuria

Wade
    $600 14
piano

Roger
    $600 26
[The end-of-round signal sounds.]

farms

Fern
    $600 5
Young Dr. Kildare

Fern
    $800 22
Corinth

Roger
    $800 18
Mexico City

Roger
    $800 10
(Alex: The "St. Louis Blues March" was the tune.)

Glenn MIller

Wade
    $800 6
(Roger: What is Is There a Doctor in the House?)
...
(Alex: Not "Is There", of the film series started with Dirk Bogarde.)

Doctor in the House

FernRoger
    $1000 23
sleazy

Roger
    $1,000 19
(Roger: [No response])
(Alex: She suggested Susan B. Anthony be added to [*].)

Mount Rushmore

Roger
    $1000 11
Finland

Wade
    $1000 7
Dr. Ehrlich's Magic Bullet

Fern

Scores at the end of the Double Jeopardy! Round:

Fern Wade Roger
$5,300 $5,300 $7,400

[wagering suggestions for these scores]

Final Jeopardy! Round responses

THE CALENDAR
(Alex: This is an annual thing on Jeopardy! which has to do with the calendar. The century begins with the year 1 and goes to 100; the 2nd century begins with 101 and goes to 200, so the last presidential election will be held in the year [*].)
FernWhat is 1996?
$5,200
WadeWhat is 1996
$5,300
RogerWhat is 1996
$3,601
2000

Final scores:

Fern Wade Roger
$100 $0 $3,799
2nd place: Tappan Electric Range & Le Creuset cookware 3rd place: Stylette Plastics Dining Set New champion: $3,799

Game dynamics:

Coryat scores:

Fern Wade Roger
$5,300 $5,300 $8,400
13 R,
2 W
14 R
(including 2 DDs),
1 W
25 R,
2 W
(including 1 DD)

Combined Coryat: $19,000

[game clues] [game scores] [suggest correction]

Game tape date: 1986-08-05
The J! Archive is created by fans, for fans. Scraping, republication, monetization, and malicious use prohibited; this site may use cookies and collect identifying information. See terms. The Jeopardy! game show and all elements thereof, including but not limited to copyright and trademark thereto, are the property of Jeopardy Productions, Inc. and are protected under law. This website is not affiliated with, sponsored by, or operated by Jeopardy Productions, Inc. Join the discussion at JBoard.tv.